000 00345nam a22000977a 4500
100 _aजीवनदास,आचार्य मुकुन्‍द
_981193
245 _aध्‍यान क्रियाएं
260 _aदिल्‍ली
_bमोहन ब्रादर्स
_c2019
650 _aमेडिकल
942 _cHIN
999 _c64458
_d64458